书目信息 |
| 题名: |
中国经济发展新趋势
|
|
| 作者: | 薛暮桥 著 | |
| 分册: | ||
| 出版信息: | 北京 中国社会科学出版社 1981 |
|
| 页数: | 80页 | |
| 开本: | 21cm | |
| 丛书名: | ||
| 单 册: | ||
| 中图分类: | F120.4 | |
| 科图分类: | ||
| 主题词: | 经济发展趋势--中国 | |
| 电子资源: | ||
| ISBN: | ||
| 000 | 00668nam0 2200229 45 | |
| 001 | 0181002418 | |
| 005 | 20060927162744.68 | |
| 010 | @dCNY0.30 | |
| 091 | @aCN@b4190.075 | |
| 100 | @a19950616d1981 em y0chiy0121 ea | |
| 101 | 0 | @achi |
| 102 | @aCN@b110000 | |
| 105 | @ay z 000yy | |
| 200 | 10 | @a中国经济发展新趋势@Azhong guo jing ji fa zhan xin qu shi@e在香港“中国经济发展新趋势研讨会”上的报告@f薛暮桥著 |
| 210 | @a北京@c中国社会科学出版社@d1981 | |
| 215 | @a80页@d21cm | |
| 606 | @a经济发展趋势@y中国 | |
| 690 | @aF120.4@v3 | |
| 701 | 0 | @a薛暮桥@Axue mu qiao@4著 |
| 801 | 2 | @aCN@bNLC@c20060927 |
| 801 | 0 | @aCN@bTSSF@c20060815 |
| 905 | @a10447@dF120.4@e152 | |
| 中国经济发展新趋势:在香港“中国经济发展新趋势研讨会”上的报告/薛暮桥著.-北京:中国社会科学出版社,1981 |
| 80页;21cm |
| ISBN :CNY0.30 |
| ● |
| 相关链接 |
|
|
|
|
正题名:中国经济发展新趋势
索取号:F120.4/152
 
预约/预借
| 序号 | 登录号 | 条形码 | 馆藏地/架位号 | 状态 | 备注 |
| 1 | 0422503 | 204225034 | 密集书库/ [索取号:F120.4/152] | 在馆 | |
| 2 | 0441811 | 204418111 | 密集书库/ [索取号:F120.4/152] | 在馆 | |
| 3 | 0442002 | 204420028 | 密集书库/ [索取号:F120.4/152] | 在馆 | |
| 4 | 0448772 | 204487723 | 密集书库/ [索取号:F120.4/152] | 在馆 | |
| 5 | 0460515 | 204605150 | 密集书库/ [索取号:F120.4/152] | 在馆 | |
| 6 | 0460516 | 204605169 | 密集书库/ [索取号:F120.4/152] | 在馆 |